• 首页
  • 本馆介绍
  • 公告通知
  • 最新文献
  • 馆藏检索
  • 电子资源
  • 读者导购
  • 参考咨询
  • 我的图书馆
  • 登录
  • 详细信息显示
  • 放入我的书架
  • 预约/预借图书
  • 作者相关作品
  • 分类相关作品
  • 丛书相关作品
  • 出版社相关作品

书目信息

  • 表格格式
  • 工作单格式
  • 卡片格式
题名:
新标准日语读解教程
    
 
作者: 刘金钊 主编
分册:  
出版信息: 大连   大连出版社  2012
页数: 240页
开本: 26cm
丛书名: 高校日语专业基础阶段系列教材
单 册:
中图分类: H369.37 , H369.4 , H36
科图分类:
主题词: 日语--阅读教学--高等学校--教材
电子资源:
ISBN: 978-7-5505-0139-3
000 01145nam 2200277 450
001 2350913518
005 20231218143042.86
010    @a978-7-5505-0139-3@dCNY36.00
100    @a20120328d2012 em y0chiy50 ea
101 0  @achi@ajpn
102    @aCN@b210000
105    @aak a 000yy
200 1  @a新标准日语读解教程@Axin biao zhun ri yu du jie jiao cheng@f主编刘金钊
210    @a大连@c大连出版社@d2012
215    @a240页@c图@d26cm
225 2  @a高校日语专业基础阶段系列教材@Agao xiao ri yu zhuan ye ji chu jie duan xi lie jiao cai
320    @a有书目 (第240页)
330    @a本书适用于中、高级学习者, 对目前正在通过日语能力测试 (N1/N2/N3级) 等各类考试的学生有很大的学习参考价值。重点介绍了日语篇章结构知识, 有助于开阔正确理解文章内容的思路。简明扼要地归纳了与阅读理解相关的语法、句型、词汇等语言知识, 介绍了掌握快速阅读的技巧和训练方法, 为快速阅读扫清语言知识障碍。
410  0 @12001 @a高校日语专业基础阶段系列教材
606 0  @a日语@x阅读教学@x高等学校@j教材
690    @aH369.37@v5
690    @aH369.4@v5
690    @aH36@v4
701  0 @a刘金钊@Aliu jin zhao@4主编
801  0 @aCN@b湖北三新@c20120605
905    @aZUCC@dH36@e181
    
    新标准日语读解教程/主编刘金钊.-大连:大连出版社,2012
    240页:图;26cm.-(高校日语专业基础阶段系列教材)
    
    
    ISBN 978-7-5505-0139-3:CNY36.00
    本书适用于中、高级学习者, 对目前正在通过日语能力测试 (N1/N2/N3级) 等各类考试的学生有很大的学习参考价值。重点介绍了日语篇章结构知识, 有助于开阔正确理解文章内容的思路。简明扼要地归纳了与阅读理解相关的语法、句型、词汇等语言知识, 介绍了掌握快速阅读的技巧和训练方法, 为快速阅读扫清语言知识障碍。
●
相关链接 在五车中查询图书 在当当中查询图书 在豆瓣中查询图书


正题名:新标准日语读解教程     索取号:H36/181         预约/预借

序号 登录号 条形码 馆藏地/架位号 状态 备注
1 2001365627   2001365627   617书库/ [索取号:H36/181] 在馆    
2 2001365628   2001365628   617书库/ [索取号:H36/181] 在馆    
3 2001365629   2001365629   617书库/ [索取号:H36/181] 在馆    
4 2001365630   2001365630   617书库/ [索取号:H36/181] 在馆    
5 2001365631   2001365631   617书库/ [索取号:H36/181] 在馆    
6 2001365632   2001365632   617书库/ [索取号:H36/181] 在馆    
7 2001365633   2001365633   617书库/ [索取号:H36/181] 在馆    
8 2001365634   2001365634   617书库/ [索取号:H36/181] 在馆    
9 2001365635   2001365635   617书库/ [索取号:H36/181] 在馆    
10 2001365636   2001365636   617书库/ [索取号:H36/181] 在馆    
11 2001365637   2001365637   617书库/ [索取号:H36/181] 在馆    
12 2001365638   2001365638   617书库/ [索取号:H36/181] 在馆    
13 2001365639   2001365639   617书库/ [索取号:H36/181] 在馆    
14 2001365640   2001365640   617书库/ [索取号:H36/181] 在馆    
15 2001365641   2001365641   617书库/ [索取号:H36/181] 在馆    
16 2001365642   2001365642   617书库/ [索取号:H36/181] 在馆    
17 2001365643   2001365643   617书库/ [索取号:H36/181] 在馆    
18 2001365644   2001365644   617书库/ [索取号:H36/181] 在馆    
19 2001365645   2001365645   617书库/ [索取号:H36/181] 在馆    
20 2001365646   2001365646   617书库/ [索取号:H36/181] 在馆    
21 2001365647   2001365647   617书库/ [索取号:H36/181] 在馆    
22 2001365648   2001365648   617书库/ [索取号:H36/181] 在馆    
23 2001365649   2001365649   617书库/ [索取号:H36/181] 在馆    
24 2001365650   2001365650   617书库/ [索取号:H36/181] 在馆    
25 2001365651   2001365651   617书库/ [索取号:H36/181] 在馆    
26 2001365652   2001365652   617书库/ [索取号:H36/181] 在馆    
27 2001365653   2001365653   617书库/ [索取号:H36/181] 在馆    
28 2001365654   2001365654   617书库/ [索取号:H36/181] 在馆    
29 2001365655   2001365655   617书库/ [索取号:H36/181] 在馆    
30 2001365656   2001365656   617书库/ [索取号:H36/181] 在馆    
山东省滨州职业学院图书馆 欢迎您!
大连网信软件有限公司© 版权所有